000 00744nam a2200217Ia 4500
020 _a0070130671 (v. A)
020 _a007013068X (v. B)
020 _a0070130698 (v. C)
020 _a0072394943 (CDROM)
040 _cEYM
082 0 4 _a909 HIL 1999 A100 Or.
245 0 4 _aThe Western experience /
250 _a7th ed
260 _aBoston :
_bMcGraw-Hill College,
_cc1999
300 _a3 v. :
_bill. (some col.), maps (some col.), ports. (some col.) ;
_c26 cm. +
_e1 computer optical disc (4 3/4 in.)
500 _aTitle on accompanying computer disc label: Interactive study guide for use with The western expereince, 7th ed
650 0 _aCivilization
650 0 _aCivilization, Western
700 1 _aChambers, Mortimer
942 _cEK
999 _c12482
_d12482